Văn hóa Thái Nghệ An
TM tài liệu tham khảo tr. 415 - 421; Gồm: Lễ hội Hang Bua; Khủn Tưởng - Khủn Tinh - Nàng Ni (Truyện thơ dân gian Thái); Quan tạ - Câu đố Thái Nghệ An; nghề dệt thổ cẩm của người Thái - Nghệ An
Salvato in:
| Autore principale: | |
|---|---|
| Altri autori: | |
| Natura: | Libro |
| Lingua: | Undetermined |
| Pubblicazione: |
H.
Lao Động
2011
|
| Soggetti: | |
| Accesso online: | http://lrc.tdmu.edu.vn/opac/search/detail.asp?aID=2&ID=18072 |
| Tags: |
Aggiungi Tag
Nessun Tag, puoi essere il primo ad aggiungerne! !
|
| Thư viện lưu trữ: | Trung tâm Học liệu Trường Đại học Thủ Dầu Một |
|---|
| LEADER | 01069nam a2200217Ia 4500 | ||
|---|---|---|---|
| 001 | TDMU_18072 | ||
| 008 | 210410s9999 xx 000 0 und d | ||
| 082 | |a 390.089 | ||
| 090 | |b QU105 | ||
| 100 | |a Quán, Vi Miên | ||
| 245 | 0 | |a Văn hóa Thái Nghệ An | |
| 245 | 0 | |c Quán Vi Miên; Lô Vĩnh, Sầm Văn Nhàn...[và nh.ng.khác] (c.tác) | |
| 260 | |a H. | ||
| 260 | |b Lao Động | ||
| 260 | |c 2011 | ||
| 300 | |a 424 tr. | ||
| 520 | |a TM tài liệu tham khảo tr. 415 - 421; Gồm: Lễ hội Hang Bua; Khủn Tưởng - Khủn Tinh - Nàng Ni (Truyện thơ dân gian Thái); Quan tạ - Câu đố Thái Nghệ An; nghề dệt thổ cẩm của người Thái - Nghệ An | ||
| 650 | |a Văn hóa dân gian |x Dân tộc Thái |z Nghệ An (Việt Nam); Dân tộc Thái |x Văn hóa |z Nghệ An (Việt Nam) | ||
| 700 | |a Lô, Vĩnh | ||
| 856 | |u http://lrc.tdmu.edu.vn/opac/search/detail.asp?aID=2&ID=18072 | ||
| 980 | |a Trung tâm Học liệu Trường Đại học Thủ Dầu Một | ||